|
|
|
|
| LEADER |
00000cam a2200000 7i4500 |
| 001 |
0000001235 |
| 002 |
000001364 |
| 005 |
20060207.0 |
| 020 |
|
|
|a 9678101327
|
| 090 |
0 |
0 |
|a 591.51
|b LON
|
| 100 |
1 |
|
|a Londesborough, Kate
|
| 245 |
1 |
0 |
|a Monkeys and apes
|c Kate Londesborough ; illustrated by Ray Cresswell
|
| 260 |
|
|
|a Kuala Lumpur :
|b Vinpress ,
|c 1992
|
| 300 |
|
|
|a 23 p. :
|b ill. ;
|c 27 cm.
|
| 490 |
0 |
|
|a Now you can read about
|
| 650 |
0 |
0 |
|a Monkeys
|x Juvenile literature
|
| 999 |
|
|
|a 032630
|b BUKU
|c JUNIOR BOOKS
|e PERPUSTAKAAN KOMUNITI PETALING JAYA
|
| 999 |
|
|
|a 032631
|b BUKU
|c PINJAMAN
|e PERPUSTAKAAN KOMUNITI PETALING JAYA
|
| 999 |
|
|
|a 032632
|b BUKU
|c PINJAMAN
|e PERPUSTAKAAN KOMUNITI PETALING JAYA
|